Statistiken für Deutsche Songs mit Fahrzeugen im Titel

Klicken Sie hier um das Quiz zu spielen!

Allgemein

  • Dieses Quiz wurde 374 mal gespielt
  • Das Durchschnittsergebnis liegt bei 10 aus 20

Antwortstatistiken

InterpretTitel% Korrekt
Kraftwerk{Auto}bahn
92%
Udo LindenbergSonder{zug} nach Pankow
92%
Apache 207R{oller}
77%
Herbert Grönemeyer{Flugzeuge} im Bauch
73%
Die PrinzenMein {Fahrrad}
69%
Henry ValentinoIm {Wagen} vor mir
66%
U96Das {Boot}
65%
Das Lumpenpack{Ford} Fiesta
62%
The Cratez & Bonez MC{Honda} Civic
61%
Mike KrügerBodo mit dem {Bagger}
56%
Felix DeLuxe{Taxi} nach Paris
49%
Wolfgang FierekResi, i hol di mit mei'm {Traktor} ab
48%
Julio IglesiasWenn ein {Schiff} vorüberfährt
45%
KraftwerkTrans-Europa {Express}
35%
Die Toten Hosen{Opel}-Gang
29%
Peter Fox{Lok} auf 2 Beinen
26%
MadsenMit dem {Moped} nach Madrid
26%
Die ÄrzteFriedens{panzer}
21%
Element of Crime{Straßenbahn} des Todes
8%
Herbert GrönemeyerK{adett}
6%

Verteilung der Resultate

Perzentil nach korrekt beantworteten Fragen

Anzahl Personen mit jedem Resultat

Ihre Resultats-Entwicklung

Sie haben dieses Quiz noch nicht gespielt